Property finance (Record no. 97244)

MARC details
000 -LEADER
fixed length control field 01015cam a2200289 4500
008 - FIXED-LENGTH DATA ELEMENTS--GENERAL INFORMATION
fixed length control field 090401t1994 xxu||||| |||| 00| 0 eng d
020 ## - INTERNATIONAL STANDARD BOOK NUMBER
International Standard Book Number 0333576810
035 ## - SYSTEM CONTROL NUMBER
System control number (Sirsi) u87499
041 ## - LANGUAGE CODE
Language code of text/sound track or separate title eng
050 ## - LIBRARY OF CONGRESS CALL NUMBER
Classification number 332.6324
100 ## - MAIN ENTRY--PERSONAL NAME
Personal name Isaac, David
245 ## - TITLE STATEMENT
Title Property finance
260 ## - PUBLICATION, DISTRIBUTION, ETC.
Place of publication, distribution, etc. Basingstoke
Name of publisher, distributor, etc. Macmillian
Date of publication, distribution, etc. 1994
300 ## - PHYSICAL DESCRIPTION
Extent xv,267p. ; 24cm.
350 ## - PRICE (NR) (BK AM CF MU VM SE) [OBSOLETE]
Price 15.99
490 ## - SERIES STATEMENT
Series statement Macmillan Building and Surveying Series
520 ## - SUMMARY, ETC.
Summary, etc. An overview of property finance aimed at both the financial and property sectors, which provides an explanation of the theory and structure of finance and examines institutional investment, property companies and joint ventures.
650 ## - SUBJECT ADDED ENTRY--TOPICAL TERM
Topical term or geographic name entry element INSTITUTIONAL INVESTMENT
650 ## - SUBJECT ADDED ENTRY--TOPICAL TERM
Topical term or geographic name entry element JOINT VENTURES
650 ## - SUBJECT ADDED ENTRY--TOPICAL TERM
Topical term or geographic name entry element PROPERTY COMPANIES
650 ## - SUBJECT ADDED ENTRY--TOPICAL TERM
Topical term or geographic name entry element PROPERTY FINANCE
650 ## - SUBJECT ADDED ENTRY--TOPICAL TERM
Topical term or geographic name entry element PROPERTY INVESTMENT
650 ## - SUBJECT ADDED ENTRY--TOPICAL TERM
Topical term or geographic name entry element SECURITISATION
690 ## - LOCAL SUBJECT ADDED ENTRY--TOPICAL TERM (OCLC, RLIN)
Topical term or geographic name as entry element PROPERTY-COMMERCIAL PROPERTY-COMMERCIAL PROPERTY FINANCE AND INVESTMENT
942 ## - ADDED ENTRY ELEMENTS (KOHA)
Suppress in OPAC 0
948 ## - LOCAL PROCESSING INFORMATION (OCLC); SERIES PART DESIGNATOR (RLIN)
c (OCLC) 04/03/1997
Holdings
Withdrawn status Lost status Source of classification or shelving scheme Damaged status Not for loan Home library Current library Shelving location Date acquired Cost, normal purchase price Total Checkouts Full call number Barcode Date last seen Date last checked out Copy number Cost, replacement price Price effective from Koha item type
    Dewey Decimal Classification     London London Books 16/11/1994 15.99 39 332.6324 30043771 06/08/2019 20/03/2006 1 15.99 06/08/2019 Book
    Dewey Decimal Classification     London London Basement 14/09/1999 18.99 55 332.6324 30058584 06/08/2019 14/05/2009 3 18.99 06/08/2019 Book